Hustlers take all / directed by Dylan Vox ; produced by Jessica Bahowick, Mattie Fellbaum, Travis Pilat, Tamanna Shah, Ashley Squires, Dylan Vox, Marianne C. Wunch ; written by Ellen Huggins, Jeremy M. Inman. (Record no. 20978)

000 -LEADER
fixed length control field 00985nam a22002177a 4500
008 - FIXED-LENGTH DATA ELEMENTS--GENERAL INFORMATION
fixed length control field 250529b xxu||||| |||| 00| 0 eng d
040 ## - CATALOGING SOURCE
Original cataloging agency Cagayan State University
Description conventions RDA
082 ## - DEWEY DECIMAL CLASSIFICATION NUMBER
Classification number 791.4372
Item number H9727 2024
245 ## - TITLE STATEMENT
Title Hustlers take all / directed by Dylan Vox ; produced by Jessica Bahowick, Mattie Fellbaum, Travis Pilat, Tamanna Shah, Ashley Squires, Dylan Vox, Marianne C. Wunch ; written by Ellen Huggins, Jeremy M. Inman.
260 ## - PUBLICATION, DISTRIBUTION, ETC. (IMPRINT)
Place of publication, distribution, etc United States :
Name of publisher, distributor, etc MarVista ;
-- Tubi Films,
Date of publication, distribution, etc 2024.
300 ## - PHYSICAL DESCRIPTION
Extent 1 videofile, (ca. 106 mins.) :
Other physical details sound, color.
520 ## - SUMMARY, ETC.
Summary, etc When an underground casino run by women recruits a brilliant young business grad, the casino's biggest rival hatches a murderous plot to stay on top.
546 ## - LANGUAGE NOTE
Language note English.
650 ## - SUBJECT ADDED ENTRY--TOPICAL TERM
Topical term or geographic name as entry element Crime
700 ## - ADDED ENTRY--PERSONAL NAME
Personal name Barbeaue, Adrienn, star.
700 ## - ADDED ENTRY--PERSONAL NAME
Personal name Burke, Kyla, star.
700 ## - ADDED ENTRY--PERSONAL NAME
Personal name Davis, Carole, star.
700 ## - ADDED ENTRY--PERSONAL NAME
Personal name Brown, Ryan, cinematographer.
700 ## - ADDED ENTRY--PERSONAL NAME
Personal name Inman, Jeremy M., editor.
942 ## - ADDED ENTRY ELEMENTS (KOHA)
Source of classification or shelving scheme
Item type Audio-Visual Materials
Holdings
Source of acquisition Price effective from Permanent location Date last seen Not for loan Date acquired Source of classification or shelving scheme Koha item type Collection code Shelving location Damaged status Lost status Withdrawn status Current location Full call number
Donation2025-05-29Cagayan State University - Carig Library2025-05-29 2025-05-29 Audio-Visual MaterialsElectronic Media CenterElectronic Media Center   Cagayan State University - Carig Library791.4372 H9727 2024

Cagayan State University University Library, Carig Campus
Tuguegarao City, Cagayan 3500 | www.csucarig.edu.ph

Powered by Koha